Score 0/28 Timer 00:30
0 Plays Today
% Correct
Williams
99.1%
Wright
99%
Walker
98.9%
Wilson
98.9%
Watson
98.8%
White
98.7%
Wood
98.1%
Smith
97%
Sanders
96.9%
Scott
96.9%
Sanchez
96.9%
Sullivan
96.8%
Stewart
96.7%
Reed
91.1%
% Correct
Ross
91%
Roberts
90.9%
Ramirez
90.1%
Richardson
89.1%
Perry
77.4%
Price
77.2%
Parker
77.1%
Powell
76.6%
Gray
60.7%
Green
60.6%
Gomez
60.5%
Baker
46.5%
Brown
46.4%
King
39.4%
Remove Ads.
Support Sporcle.
Get the best of Sporcle when you Go Orange. This ad-free experience offers more features, more stats, and more fun while also helping to support Sporcle. Thank you for becoming a member.

You're not logged in!

Compare scores with friends on all Sporcle quizzes.
OR
Log In

Sporcle TV

Today on Sporcle TV


Watch our educational content, quiz creation guides, and fun videos on Sporcle TV.

Show Comments

Extras

Top Quizzes Today


Score Distribution

Paid Content

Your Account Isn't Verified!

In order to create a playlist on Sporcle, you need to verify the email address you used during registration. Go to your Sporcle Settings to finish the process.

Report this User

Report this user for behavior that violates our Community Guidelines.

Details: